[Event "IECG CN.2002.0.00291 email"]
[Site "IECG email"]
[Date "2002.04.16"]
[Round "?"]
[White "Davidson, Allan D"]
[Black "Harty, Peter"]
[Result "1-0"]
[WhiteElo "723"]
[BlackElo "800"]
[PlyCount "37"]
[EventDate "2002.04.16"]
[EventType "tourn (corr)"]
[EventRounds "6"]
[SourceTitle "Corr 2008"]
[Source "ChessBase"]
[SourceDate "2008.06.24"]
[SourceVersion "1"]
[SourceVersionDate "2008.06.24"]
[SourceQuality "1"]

1. e4 e5 2. Nf3 d6 3. Bc4 Bg4 4. c3 Nf6 5. Qc2 a5 6. d4 c6 7. Ng5 d5 8. exd5 cxd5 9. Bb5+ Nbd7 10. dxe5 h6 11. e6 hxg5 12. exd7+ Nxd7 13. 0-0 Be6 14. Re1 Qb6 15. Na3 f6 16. Qg6+ Kd8 17. Be3 Kc8 18. Bxb6 Ne5 19. Qe8# 1-0

[Event "IECG CN.2002.0.00291 email"]
[Site "IECG email"]
[Date "2002.04.16"]
[Round "?"]
[White "O'Riordan, Niall"]
[Black "Harty, Peter"]
[Result "1-0"]
[WhiteElo "520"]
[BlackElo "800"]
[PlyCount "61"]
[EventDate "2002.04.16"]
[EventType "tourn (corr)"]
[EventRounds "6"]
[SourceTitle "Corr 2008"]
[Source "ChessBase"]
[SourceDate "2008.06.24"]
[SourceVersion "1"]
[SourceVersionDate "2008.06.24"]
[SourceQuality "1"]

1. e4 e5 2. Nf3 d6 3. Nc3 c6 4. Bc4 b5 5. Bd3 Bg4 6. 0-0 Nh6 7. a4 Qa5 8. b3 Na6 9. h3 bxa4 10. Rxa4 Qc5 11. Rxa6 Bc8 12. Ba3 Bxa6 13. Bxc5 dxc5 14. Bxa6 Bd6 15. Bb7 Rb8 16. Bxc6+ Kd8 17. Qa1 Rb6 18. Bb5 a6 19. Bxa6 Re8 20. d3 f5 21. Bb5 Rxb5 22. Nxb5 Bb8 23. c3 fxe4 24. dxe4 Nf7 25. Qd1+ Bd6 26. Nxd6 Nxd6 27. Qxd6+ Kc8 28. Nxe5 g5 29. Qd7+ Kb8 30. Nc6+ Ka8 31. Ra1# 1-0